LA MADONNA. N. VI. ANNO XV. NOVEMBRE DICEMBRE. 1967. RIVISTA DI CULTURA MARIANA. (Record n. 320549)

Dettagli MARC
000 -LEADER
fixed length control field 01311nas a2200277Ia 4500
001 - CONTROL NUMBER
control field R235-R2474
003 - CONTROL NUMBER IDENTIFIER
control field IT-CnALBA
008 - FIXED-LENGTH DATA ELEMENTS--GENERAL INFORMATION
fixed length control field 170116c99999999xx |||||||||||| ||und||
040 ## - CATALOGING SOURCE
Original cataloging agency IT-CnALBA
Transcribing agency IT-CnALBA
041 ## - LANGUAGE CODE
Language code of text/sound track or separate title ITALIANO
999 ## - SYSTEM CONTROL NUMBERS (KOHA)
Koha Dewey Subclass [OBSOLETE] NO
100 ## - MAIN ENTRY--PERSONAL NAME
Personal name PAOLO VI, PAPA MONTINI.
210 ## - ABBREVIATED TITLE
Abbreviated title LA MADONNA
222 ## - KEY TITLE
Key title LA MADONNA
245 #0 - TITLE STATEMENT
Title LA MADONNA. N. VI. ANNO XV. NOVEMBRE DICEMBRE. 1967. RIVISTA DI CULTURA MARIANA.
250 ## - EDITION STATEMENT
Edition statement 1a ed.
260 ## - PUBLICATION, DISTRIBUTION, ETC. (IMPRINT)
Place of publication, distribution, etc. ROMA
Name of publisher, distributor, etc. DIVINO AMORE SCUOLA TIPOGRAFICA
Date of publication, distribution, etc. 1967
300 ## - PHYSICAL DESCRIPTION
Extent 48 p.
310 ## - CURRENT PUBLICATION FREQUENCY
Current publication frequency BIMESTRALE
362 ## - DATES OF PUBLICATION AND/OR SEQUENTIAL DESIGNATION
Dates of publication and/or sequential designation Fascicolo: 6 / Anno: 15 (1967)
500 ## - GENERAL NOTE
General note BERTETTO D. FRANZI F.M. SIGISMONDI G. PESCE G. PAROLA DEL PAPA. MAGISTERO MARIANO DI PAOLO VI. COMMENTO ALL'ESORTAZIONE APOSTOLICA SIGNUM MAGNUM, SEGNO GRANDE. MADONNA BEATA PER LA FEDE. MEDAGLIA MIRACOLOSA. XII CONVEGNO INTERNAZIONALE MARIANO.
501 ## - WITH NOTE
With note Società San Paolo EM - Piazza San Paolo, 14 - 12051 ALBA (CN) (non commercial uses only) ® Copyright 2017
520 ## - SUMMARY, ETC.
Summary, etc. BERTETTO D. FRANZI F.M. SIGISMONDI G. PESCE G. PAROLA DEL PAPA. MAGISTERO MARIANO DI PAOLO VI. COMMENTO ALL'ESORTAZIONE APOSTOLICA SIGNUM MAGNUM, SEGNO GRANDE. MADONNA BEATA PER LA FEDE. MEDAGLIA MIRACOLOSA. XII CONVEGNO INTERNAZIONALE MARIANO.
650 ## - SUBJECT ADDED ENTRY--TOPICAL TERM
Topical term or geographic name as entry element ANGELI SANTI DEMONI
942 ## - ADDED ENTRY ELEMENTS (KOHA)
Koha item type RIVISTA
957 ## -
-- 1
999 ## - SYSTEM CONTROL NUMBERS (KOHA)
-- 1
Dati di copia
Withdrawn status Lost status Damaged status Not for loan Home library Current library Date acquired Total Checkouts Full call number Date last seen Price effective from Koha item type Public note
    Buone Condizioni Not For Loan ALBA - Biblioteca ALBA - Biblioteca 16/01/2017   R235-R2474 16/01/2017 16/01/2017 RIVISTA (data import: 16 gennaio 2017) - By Epidotti, Vaglietti.
CREDITS: SOCIETA' SAN PAOLO Via A.Severo, 58 - ROMA (RM) & PERIODICI SAN PAOLO SRL Via Giotto, 36 MILANO & CISF Via Giotto, 36 MILANO & EDIZIONI SAN PAOLO SRL,  Piazza Soncino, 5 CINISELLO BALSAMO (MI) -- ITALY